000 00472cam a2200205 4500
001 D6732
008 090401t1978 xxu||||| |||| 00| 0 eng d
035 _a(Sirsi) u2662
041 _aeng
050 _a633
100 _aLockhart, J.A.R.
245 _aIntroduction to crop husbandry
250 _a4th
260 _aOxford
_bPergamon Press
_c1978
300 _axiii. 302p. 26cm
350 _a16.5
700 _aWiseman, A.J.L.
942 _n0
948 _c04/03/1997
999 _c85795
_d85795